[Event "Berlin op 10"]
[Site "Berlin"]
[Date "2000.11.06"]
[Round "4"]
[White "Lengowski, Joerg"]
[Black "Tahiri, Daut"]
[Result "0-1"]
[WhiteElo "1408"]
[BlackElo "2010"]
[PlyCount "113"]
[EventDate "2000.10.16"]
[EventType "swiss"]
[EventRounds "7"]
[EventCountry "GER"]
[SourceTitle "EXT 2007"]
[Source "ChessBase"]
[SourceDate "2006.11.23"]
[SourceVersion "1"]
[SourceVersionDate "2006.11.23"]
[SourceQuality "1"]

1. Nf3 c5 2. c4 Nf6 3. Nc3 e6 4. g3 d5 5. cxd5 Nxd5 6. Bg2 Be7 7. 0-0 Nc6 8. Nxd5 Qxd5 9. a3 0-0 10. d3 Bf6 11. Qc2 b6 12. Qc4 Qd7 13. Rb1 Bb7 14. Bd2 Rfe8 15. Bc3 e5 16. Rfd1 Nd4 17. e4 Qg4 18. Bxd4 cxd4 19. Qc2 Rec8 20. Qe2 Qe6 21. Rbc1 Qb3 22. Qd2 Ba6 23. Bf1 h6 24. h4 Bb5 25. Be2 Bc6 26. Nh2 Bd7 27. Bg4 Be6 28. Bxe6 Qxe6 29. Kg2 Be7 30. Qe2 Rc6 31. Qg4 Qc8 32. Qxc8+ Raxc8 33. Rb1 Rc2 34. Nf3 f6 35. Ne1 Re2 36. Kf1 Rxe1+ 37. Kxe1 a5 38. Rdc1 Bc5 39. Kd1 Ra8 40. a4 Kf7 41. b3 Kg6 42. Ke2 Kh5 43. f3 g5 44. hxg5 fxg5 45. Rh1+ Kg6 46. g4 Ba3 47. Rhd1 Rc8 48. Ra1 Bb2 49. Ra2 Bc1 50. Kf1 Rc3 51. Ra1 Be3 52. Rab1 Rc2 53. Rdc1 Bxc1 54. Rxc1 Rxc1+ 55. Ke2 Rb1 56. Kd2 Rb2+ 57. Kc1 0-1

[Event "Berlin op 10"]
[Site "Berlin"]
[Date "2000.10.30"]
[Round "3"]
[White "Fischer, Rudi"]
[Black "Lengowski, Joerg"]
[Result "0-1"]
[WhiteElo "1783"]
[BlackElo "1408"]
[PlyCount "102"]
[EventDate "2000.10.16"]
[EventType "swiss"]
[EventRounds "7"]
[EventCountry "GER"]
[SourceTitle "EXT 2007"]
[Source "ChessBase"]
[SourceDate "2006.11.23"]
[SourceVersion "1"]
[SourceVersionDate "2006.11.23"]
[SourceQuality "1"]

1. d4 g6 2. c4 Bg7 3. Nc3 Nf6 4. e4 d6 5. h3 0-0 6. Be3 e6 7. Qd2 Nbd7 8. Nf3 b6 9. Bd3 c5 10. e5 dxe5 11. dxe5 Ne8 12. Be4 Rb8 13. Rd1 Qe7 14. Bc6 Nxe5 15. Nxe5 Bxe5 16. 0-0 Nd6 17. b3 Bb7 18. Bxb7 Qxb7 19. f4 Bxc3 20. Qxc3 Ne4 21. Qe5 Rbe8 22. Bc1 f6 23. Qb2 Ng3 24. Rf3 Nf5 25. Rfd3 Nd4 26. Be3 e5 27. fxe5 fxe5 28. Bh6 Rf5 29. Re1 Qf7 30. Qd2 e4 31. Rc3 Qf6 32. Be3 h5 33. b4 Rd8 34. Qb2 cxb4 35. Qxb4 Nc6 36. Qa3 Ra5 37. Qb3 Nd4 38. Bxd4 Qxd4+ 39. Rce3 Rc5 40. Kh1 Re8 41. Qa4 Re7 42. Qb3 Qxc4 43. Qb2 Rce5 44. Qf2 Qf7 45. Qc2 Qe8 46. Qc4+ Kh7 47. Rf1 Rc5 48. Qb3 Rf5 49. Rfe1 Rfe5 50. Qc3 Qf8 51. Qc2 Qf5 0-1